[Event "Titled Tue 1st Jul Early"]
[Site "chess.com INT"]
[Date "2025.07.01"]
[Round "7"]
[White "Rubio, Lloyd"]
[Black "Aalto, Patrik"]
[Result "1/2-1/2"]
[BlackTitle "FM"]
[WhiteElo "2167"]
[BlackElo "2316"]
[WhiteFideId "5210453"]
[BlackFideId "510726"]
[EventDate "2025.07.01"]

1. d4 Nf6 2. c4 e6 3. Nc3 Bb4 4. Bd2 c5 5. e3 O-O 6. Nf3 d5 7. cxd5 exd5 8. Bd3
Nc6 9. a3 Bxc3 10. Bxc3 c4 11. Bc2 b5 12. Ne5 Qc7 13. O-O a5 14. f4 Bb7 15. Qe1
Ne4 16. Qh4 f6 17. Ng4 b4 18. Be1 b3 19. Bxe4 dxe4 20. Qg3 Ne7 21. Bc3 Nf5 22.
Qe1 a4 23. Bb4 Rfc8 24. Rc1 Qd7 25. Nf2 c3 26. Rxc3 Ba6 27. Nxe4 Bxf1 28. Kxf1
Rxc3 29. Qxc3 Rc8 30. Nc5 Qb5+ 31. Kf2 Nd6 32. Qe1 Qc4 33. Kg1 Qc2 34. Bc3 Nc4
35. e4 Nxb2 36. e5 Nd3 37. Nxd3 Qxd3 38. exf6 Qxc3 39. Qe6+ Kh8 40. fxg7+ Kxg7
41. Qe7+ Kg8 42. Qe6+ Kf8 43. Qf6+ Ke8 44. Qe6+ Kf8 45. Qf6+ Kg8 46. Qe6+ Kg7
47. Qe7+ Kg6 48. Qe6+ Kg7 1/2-1/2

[Event "Titled Tue 1st Jul Early"]
[Site "chess.com INT"]
[Date "2025.07.01"]
[Round "7"]
[White "Zaw, Ye Htut"]
[Black "Redor, Menandro"]
[Result "1-0"]
[WhiteTitle "CM"]
[WhiteElo "2074"]
[BlackElo "2021"]
[WhiteFideId "13013955"]
[BlackFideId "5222010"]
[EventDate "2025.07.01"]

1. e4 c6 2. d4 d5 3. e5 Bf5 4. h4 h5 5. c4 e6 6. Nc3 Ne7 7. Nge2 dxc4 8. Ng3 b5
9. Bg5 Bg6 10. Nce4 Qa5+ 11. Bd2 Qb6 12. Nd6+ Kd8 13. Be2 Nf5 14. Ngxf5 exf5 15.
O-O Bxd6 16. exd6 Nd7 17. Be3 Nf6 18. d5 c5 19. a4 b4 20. Bxc4 Qxd6 21. g3 Ng4
22. Bf4 Ne5 23. Re1 f6 24. Bb5 Be8 25. Qe2 Bxb5 26. axb5 Kd7 27. Rac1 g6 28. Be3
Rac8 29. Ra1 Rc7 30. Ra6 Qf8 31. Bf4 Qb8 32. Bxe5 fxe5 33. Qxe5 Kc8 34. Qe6+ Kb7
35. Rea1 Rd8 36. d6 Rcd7 37. Qd5+ Kc8 38. Qc6+ Rc7 39. dxc7 Qxc7 40. Qxc7+ Kxc7
41. Rxa7+ Kb6 42. Ra8 Rd2 43. Rb8+ Kc7 44. Raa8 Rxb2 45. b6+ Kd7 46. b7 Ke6 47.
Re8+ Kd5 48. b8=Q Kc4 49. Rc8 b3 50. Rxc5+ Kxc5 51. Qe5+ 1-0

[Event "Titled Tue 1st Jul Early"]
[Site "chess.com INT"]
[Date "2025.07.01"]
[Round "7"]
[White "Jammalamadaka, Vihaan"]
[Black "Tan, Zhongyi"]
[Result "1-0"]
[WhiteTitle "CM"]
[BlackTitle "GM"]
[WhiteElo "1977"]
[BlackElo "2527"]
[WhiteFideId "30977134"]
[BlackFideId "8603642"]
[EventDate "2025.07.01"]

1. b3 e5 2. Bb2 Nc6 3. e3 d5 4. Bb5 Bd6 5. d4 e4 6. c4 a6 7. Bxc6+ bxc6 8. Nc3
Be6 9. Nge2 f5 10. cxd5 cxd5 11. Qd2 Nf6 12. h3 O-O 13. Rc1 g5 14. Na4 Qe8 15.
Nc5 Bc8 16. Nc3 f4 17. Kd1 f3 18. g3 g4 19. h4 h5 20. N3a4 Rf7 21. Kc2 Bf5 22.
Kb1 Nd7 23. Rc2 Nb6 24. Rhc1 a5 25. Ka1 Qb5 26. Nc3 Qe8 27. N3a4 Bg6 28. Nxb6
cxb6 29. Na4 Bb4 30. Bc3 Ba3 31. Bb2 Bb4 32. Qd1 Qb5 33. Rc6 Bh7 34. Nxb6 Raf8
35. Na4 Bf5 36. Bc3 Ba3 37. Bb2 Bb4 38. Qc2 Qe2 39. a3 Be7 40. Ka2 Bf6 41. Nc5
Bc8 42. Na4 Qxc2 43. R1xc2 Bg7 44. Nb6 Ba6 45. Nxd5 Bd3 46. Rc1 Rd7 47. Nf4 Bf6
48. Rc7 Rxc7 49. Rxc7 Bxh4 50. Nxh5 1-0

[Event "Titled Tue 1st Jul Early"]
[Site "chess.com INT"]
[Date "2025.07.01"]
[Round "7"]
[White "Andreev, Konstantin"]
[Black "Devaev, Alexander"]
[Result "0-1"]
[WhiteTitle "FM"]
[BlackTitle "FM"]
[WhiteElo "2208"]
[BlackElo "2306"]
[WhiteFideId "24239305"]
[BlackFideId "4169395"]
[EventDate "2025.07.01"]

1. e4 c6 2. Nf3 d5 3. e5 Bg4 4. d4 e6 5. h3 Bh5 6. Be2 Nd7 7. c3 c5 8. O-O Ne7
9. Nbd2 Nc6 10. Nb3 Be7 11. Bf4 O-O 12. g4 Bg6 13. Be3 c4 14. Nbd2 b5 15. Nh2 f6
16. f4 fxe5 17. fxe5 b4 18. Nhf3 Rb8 19. Qa4 Rb6 20. Rf2 Qc8 21. h4 bxc3 22.
bxc3 Ra6 23. Qd1 Ra3 24. h5 Bd3 25. Bxd3 cxd3 26. Qc1 Na5 27. Nb1 Ra4 28. Ng5
Rxf2 29. Bxf2 Bxg5 30. Qxg5 h6 31. Qe3 Nc4 32. Qxd3 Qa6 33. Nd2 Rxa2 34. Rxa2
Qxa2 35. Nxc4 dxc4 36. Qe4 Qa1+ 37. Be1 Qd1 38. Kg2 a5 39. Bg3 a4 40. Qc6 Nf8
41. Qxc4 a3 42. Qa2 Qc1 43. Bf2 Qb2 44. Qc4 a2 45. d5 a1=Q 46. dxe6 Qa8+ 47. Kg3
Qba2 48. Qd4 Qxe6 49. c4 Qae8 50. c5 Qxe5+ 51. Kf3 Qxd4 52. Bxd4 Qc6+ 53. Ke3
Ne6 54. Be5 Qxc5+ 55. Ke4 Qc4+ 56. Kf5 Qd5 57. Kg6 Ng5 58. Kf5 Qe4# 0-1

[Event "Titled Tue 1st Jul Early"]
[Site "chess.com INT"]
[Date "2025.07.01"]
[Round "7"]
[White "De Lomas Busquets, Alba"]
[Black "Begunov, Konstantin"]
[Result "0-1"]
[WhiteTitle "WCM"]
[BlackTitle "FM"]
[WhiteElo "1997"]
[BlackElo "2325"]
[WhiteFideId "24585289"]
[BlackFideId "4118510"]
[EventDate "2025.07.01"]

1. d4 d5 2. Nf3 c6 3. e3 Bg4 4. Nbd2 e6 5. b3 Nf6 6. h3 Bh5 7. g4 Bg6 8. Ne5
Nfd7 9. Nd3 c5 10. Bb2 cxd4 11. exd4 Nc6 12. a3 Be7 13. Bg2 h6 14. Qe2 a6 15. b4
a5 16. b5 Na7 17. a4 Nc8 18. Nb3 Ncb6 19. Ndc5 Nc4 20. Bc3 b6 21. Nd3 Rc8 22.
Bd2 Nf6 23. O-O Nxd2 24. Qxd2 Ne4 25. Qd1 h5 26. Ne5 Bh7 27. f3 Nc3 28. Qd2 hxg4
29. fxg4 f6 30. Nc6 Rxc6 31. bxc6 Ne4 32. Qe3 Qc7 33. Nd2 Nxd2 34. Qxd2 Qxc6 35.
c4 Qxc4 36. Rac1 Qxa4 37. Rc8+ Bd8 38. Qe3 Qd7 39. Rcc1 O-O 40. Rce1 Re8 41. Bf3
b5 42. Be2 Bb6 43. Bd3 e5 44. Bxh7+ Kxh7 45. Qd3+ Kg8 46. Kg2 Bxd4 47. Rb1 b4
48. Qf5 Qxf5 49. gxf5 Rb8 50. Kf3 b3 51. Ke2 a4 52. Kd3 a3 53. h4 a2 54. Rbd1 b2
55. Kc2 a1=Q 56. Rxa1 bxa1=Q 57. Re1 Qc3+ 58. Kd1 Rb1+ 59. Ke2 Rxe1# 0-1

[Event "Titled Tue 1st Jul Early"]
[Site "chess.com INT"]
[Date "2025.07.01"]
[Round "7"]
[White "Cori Quispe, Kevin Joel"]
[Black "Xiong, Jeffery"]
[Result "0-1"]
[WhiteTitle "GM"]
[BlackTitle "GM"]
[WhiteElo "2461"]
[BlackElo "2646"]
[WhiteFideId "3814017"]
[BlackFideId "2047640"]
[EventDate "2025.07.01"]

1. e4 e6 2. d4 d5 3. Nd2 c5 4. exd5 Qxd5 5. Ngf3 cxd4 6. Bc4 Qd7 7. O-O Nc6 8.
Nb3 a6 9. Nbxd4 Nxd4 10. Nxd4 Qc7 11. Bb3 Bd6 12. h3 Ne7 13. Re1 O-O 14. Qf3 Bd7
15. c3 Rae8 16. Bg5 h6 17. Bxe7 Rxe7 18. Rad1 Bc5 19. Rd2 Qb6 20. Nf5 exf5 21.
Rxe7 Bc6 22. Qe2 Bxe7 23. Qxe7 Be4 24. Rd7 Qg6 25. g3 Qh5 26. Kh2 Bc6 27. Rd8
Rxd8 28. Qxd8+ Kh7 29. Qd1 Qg6 30. Bd5 f4 31. Bxc6 fxg3+ 32. fxg3 Qxc6 33. Qd2
f5 34. h4 Kg6 35. b3 b5 36. Qc2 Kf6 37. c4 bxc4 38. bxc4 Qe4 39. Qc3+ Qe5 40.
Qc2 f4 41. Qf2 g5 42. gxf4 gxf4 43. Qb6+ Kf5 44. Qxa6 Qe2+ 45. Kg1 f3 46. Qc8+
Kf4 47. Qf8+ Kg3 48. Qg8+ Kh3 49. Qc8+ Kxh4 50. Qd8+ Kg3 51. Qd6+ Kg4 52. Qg6+
Kf4 53. Qxh6+ Ke4 54. Qe6+ Kd3 55. Qd5+ Kc2 56. Qf5+ Kc3 57. c5 Qg2# 0-1

[Event "Titled Tue 1st Jul Early"]
[Site "chess.com INT"]
[Date "2025.07.01"]
[Round "7"]
[White "Lopez Rayo, Santiago"]
[Black "Foldes, Marton Gabor"]
[Result "0-1"]
[WhiteTitle "FM"]
[BlackTitle "FM"]
[WhiteElo "2350"]
[BlackElo "2295"]
[WhiteFideId "4455665"]
[BlackFideId "794708"]
[EventDate "2025.07.01"]

1. e4 Nf6 2. e5 Nd5 3. c4 Nb6 4. d4 d6 5. f4 g5 6. fxg5 dxe5 7. Be3 exd4 8. Bxd4
Rg8 9. c5 Nd5 10. Nf3 Nc6 11. Bf2 Bg4 12. Bc4 e6 13. Nbd2 Nf4 14. O-O Nd3 15.
Bxd3 Qxd3 16. Qa4 Bf5 17. Ne5 Qxd2 18. Nxc6 Qd7 19. b4 Qxc6 20. b5 Qe4 21. Qa5
b6 22. cxb6 axb6 23. Qd2 Bb4 24. Qc1 Bd6 25. Re1 Qf4 26. Qc6+ Ke7 27. Bg3 Qd4+
28. Bf2 Qg4 29. Be3 Rad8 30. h3 Qg3 31. Rad1 Qh2+ 32. Kf1 Rd7 33. Bd4 Rgd8 34.
Bf6+ Ke8 35. Bxd8 Kxd8 36. Qa8+ Ke7 37. Qf3 Qh1+ 38. Kf2 Bc5+ 39. Kg3 Rxd1 40.
Rxd1 Bd6+ 41. Kh4 Qh2 42. Rd2 Qe5 43. g4 Bg6 44. Rf2 h6 45. gxh6 Qh8 46. g5 Qd4+
47. Qg4 Qxf2+ 0-1

[Event "Titled Tue 1st Jul Early"]
[Site "chess.com INT"]
[Date "2025.07.01"]
[Round "7"]
[White "Auribault, Louis"]
[Black "Shuvalov, Evgenij"]
[Result "0-1"]
[WhiteTitle "FM"]
[WhiteElo "2114"]
[BlackElo "1980"]
[WhiteFideId "45196591"]
[BlackFideId "4187237"]
[EventDate "2025.07.01"]

1. e4 e6 2. d4 d5 3. Bd3 c5 4. exd5 exd5 5. Nf3 c4 6. Bf1 Nf6 7. g3 Be7 8. Bg2
O-O 9. O-O Nc6 10. b3 cxb3 11. axb3 Bg4 12. Bb2 Ne4 13. Nbd2 f5 14. h3 Bh5 15.
c4 Nb4 16. Nb1 Re8 17. g4 fxg4 18. Ne5 gxh3 19. Qxh5 hxg2 20. Kxg2 Rf8 21. Nc3
Nf6 22. Qh3 Qc8 23. Qxc8 Rfxc8 24. Ba3 Bf8 25. Bxb4 Bxb4 26. Nxd5 Nxd5 27. cxd5
Rd8 28. Nd3 Be7 29. Ra5 b6 30. Rb5 Rdb8 31. d6 Bxd6 32. Rd5 Bf8 33. Ne5 Rd8 34.
Rxd8 Rxd8 35. Nc6 Rd7 36. Ra1 a5 37. Kf3 Rd6 38. Rc1 g6 39. Ke4 Bg7 40. d5 Kf7
41. Rc2 h5 42. b4 axb4 43. Nxb4 h4 44. f4 Rd7 45. Nc6 Bf6 46. Rh2 Kg7 47. Rh3 b5
48. Rb3 Rb7 49. d6 Kh6 50. Kd5 Kh5 51. Ne5 g5 52. fxg5 Bxg5 53. d7 Bf6 54. Ke6
Rb6+ 0-1

[Event "Titled Tue 1st Jul Early"]
[Site "chess.com INT"]
[Date "2025.07.01"]
[Round "7"]
[White "Keatinge-Clay, Adrian"]
[Black "Beyer, Lorenz"]
[Result "0-1"]
[WhiteTitle "FM"]
[BlackTitle "CM"]
[WhiteElo "2232"]
[BlackElo "2192"]
[WhiteFideId "2011867"]
[BlackFideId "16245393"]
[EventDate "2025.07.01"]

1. d4 Nf6 2. c4 e6 3. Nc3 d5 4. Bg5 Be7 5. Nf3 O-O 6. e3 h6 7. Bh4 c6 8. Rc1
dxc4 9. Bxc4 b5 10. Bd3 Bb7 11. a4 a6 12. O-O Nbd7 13. Qe2 b4 14. Nb1 c5 15.
Rfd1 cxd4 16. Nxd4 Qb6 17. Nd2 Ne5 18. Nc4 Nxc4 19. Bxc4 Rac8 20. f3 Rfd8 21.
Kh1 Nd5 22. Bf2 Bc5 23. Bxd5 Rxd5 24. Nb3 Rxd1+ 25. Rxd1 Be7 26. e4 Qc6 27. Rc1
Qxa4 28. Rxc8+ Bxc8 29. Qc4 Bd7 30. g4 Bb5 31. Qc2 Bc6 32. Kg2 Bd7 33. Bd4 Qc6
34. Qd2 Qc7 35. e5 Ba4 36. Nc1 Bb5 37. Kf2 a5 38. f4 Bh4+ 39. Kg2 Qc4 40. Kh3 g5
41. Be3 Qf1+ 42. Qg2 gxf4 43. Bd2 Bg5 44. Nb3 f3 45. Qxf1 Bxf1+ 46. Kg3 Bc4 47.
Bxg5 hxg5 48. Nxa5 Bd5 49. Kf2 Kf8 50. Ke3 Ke8 51. b3 Kd7 52. Nc4 Bxc4 53. bxc4
Kc6 54. Kxf3 Kc5 55. Ke3 Kxc4 56. Kd2 Kd5 57. Kc2 Kxe5 58. Kb3 Kf4 59. Kxb4 Kxg4
60. Kc3 Kh3 61. Kd2 Kxh2 62. Ke2 g4 63. Kf2 g3+ 64. Kf3 g2 0-1

[Event "Titled Tue 1st Jul Early"]
[Site "chess.com INT"]
[Date "2025.07.01"]
[Round "7"]
[White "Buraczewski, Rafal"]
[Black "Ahmad, Al Khatib"]
[Result "1-0"]
[WhiteTitle "CM"]
[BlackTitle "GM"]
[WhiteElo "2135"]
[BlackElo "2172"]
[WhiteFideId "1155245"]
[BlackFideId "8103178"]
[EventDate "2025.07.01"]

1. d4 d5 2. Nf3 Nf6 3. Bf4 c6 4. e3 Bf5 5. c3 e6 6. Bd3 Bd6 7. Bg3 O-O 8. O-O
Bxg3 9. hxg3 Nbd7 10. Bxf5 exf5 11. Nbd2 Ne4 12. Ne1 Re8 13. Nd3 Qg5 14. Nf3 Qh6
15. Nh4 g6 16. Nf3 Ndf6 17. Nh2 Re7 18. g4 Qg5 19. gxf5 Qxf5 20. Ne5 h5 21. Qf3
Qg5 22. Rad1 Rae8 23. Nd3 Qh6 24. Rfe1 Qg7 25. Nf1 Ng4 26. Nh2 Nh6 27. Qh3 Re6
28. Nf1 Nf5 29. Qh2 Nh6 30. f3 Nf6 31. Re2 Nf5 32. Rde1 R8e7 33. Nf2 Nd6 34. Nd2
Qf8 35. e4 dxe4 36. fxe4 Qe8 37. e5 Nf5 38. Nde4 Nh7 39. Nc5 b6 40. Nxe6 Rxe6
41. g4 hxg4 42. Nxg4 Qe7 43. Rg2 Ng5 44. Rf1 Nh7 45. Nh6+ Nxh6 46. Qxh6 Qf8 47.
Qh4 Qg7 48. Rf3 Nf8 49. Rh2 Re8 50. Rfh3 Ne6 51. Qh8+ Qxh8 52. Rxh8+ Kg7 53.
Rxe8 Ng5 54. Ra8 a5 55. Ra6 Nf3+ 56. Kg2 Ne1+ 57. Kf2 Nd3+ 58. Ke3 1-0

[Event "Titled Tue 1st Jul Early"]
[Site "chess.com INT"]
[Date "2025.07.01"]
[Round "7"]
[White "Yang, Larry"]
[Black "Montano Vicente, Guadalupe"]
[Result "1-0"]
[WhiteElo "2017"]
[BlackElo "1940"]
[WhiteFideId "2637618"]
[BlackFideId "5181399"]
[EventDate "2025.07.01"]

1. e4 c5 2. Nc3 Nc6 3. Bb5 Nd4 4. Bc4 e6 5. Nf3 d6 6. Nxd4 cxd4 7. Ne2 Nf6 8. d3
Qb6 9. O-O Be7 10. c3 dxc3 11. bxc3 O-O 12. Be3 Qa5 13. h3 d5 14. exd5 Nxd5 15.
Bd4 Nb6 16. Bb3 Bc5 17. Qd2 Bxd4 18. Nxd4 Bd7 19. Rac1 Rac8 20. Qe3 h6 21. Ne2
Nd5 22. Bxd5 Qxd5 23. Qxa7 Ra8 24. Qd4 Rxa2 25. Qxd5 exd5 26. Nd4 Rc8 27. c4
dxc4 28. dxc4 Rd2 29. Nf3 Re2 30. Rfd1 Ba4 31. Rd6 Re4 32. c5 Bc6 33. Nd4 Re5
34. Nxc6 Rxc6 35. Rxc6 bxc6 36. f4 Rd5 37. Kf2 Kf8 38. Ke3 Ke7 39. Ke4 Kd7 40.
g4 g6 41. f5 gxf5+ 42. gxf5 Ke7 43. Ra1 Kf6 44. Rf1 Rxc5 45. Rd1 Rxf5 46. h4
Re5+ 47. Kf4 Rd5 48. Rc1 c5 49. Kg4 h5+ 50. Kg3 Ke6 51. Re1+ Kd6 52. Rf1 Ke6 53.
Re1+ Re5 54. Rf1 f6 55. Rc1 Kd6 56. Kf4 Kd5 57. Rd1+ Kc4 58. Rd6 Kb4 59. Rxf6
Rd5 60. Ke4 Rd4+ 61. Ke3 Rxh4 62. Kd3 Rh3+ 63. Kc2 c4 64. Rf8 Rh2+ 65. Kc1 Kc3
66. Rf3+ Kd4 67. Rf8 Rg2 68. Rf4+ Kc3 69. Rf3+ Kb4 70. Rh3 c3 71. Rxh5 1-0

[Event "Titled Tue 1st Jul Early"]
[Site "chess.com INT"]
[Date "2025.07.01"]
[Round "7"]
[White "Troltenier, Dirk"]
[Black "Sabatier, Mathis"]
[Result "1-0"]
[WhiteTitle "FM"]
[BlackTitle "CM"]
[WhiteElo "2174"]
[BlackElo "2235"]
[WhiteFideId "4606400"]
[BlackFideId "26029685"]
[EventDate "2025.07.01"]

1. e4 c5 2. Nf3 d6 3. Bb5+ Nd7 4. c3 a6 5. Ba4 Nf6 6. Qe2 e5 7. d4 b5 8. Bc2 Be7
9. O-O O-O 10. a4 Rb8 11. b3 Qc7 12. dxe5 dxe5 13. Nbd2 Bb7 14. Re1 Rfd8 15. Bd3
b4 16. Bb2 Nh5 17. g3 g6 18. cxb4 cxb4 19. Rac1 Bc5 20. Nc4 f6 21. Ne3 Qb6 22.
Bc4+ Kh8 23. Nd5 Bxd5 24. exd5 e4 25. Nd2 e3 26. fxe3 Re8 27. Nf1 Ne5 28. Rcd1
Re7 29. g4 Nf4 30. Qc2 Nxg4 31. Bd4 Bxd4 32. Rxd4 Nh3+ 33. Kg2 Nhf2 34. Qb2 Qd6
35. Rf4 Rbe8 36. Rxf2 Nxf2 37. Qxf2 Re4 38. Ng3 Rg4 39. e4 h5 40. h3 Rg5 41. h4
Rg4 42. Rf1 Rexe4 43. Qxf6+ Qxf6 44. Rxf6 Re3 45. Rf3 Rc3 46. Kf2 Rxh4 47. Ne2
Rc2 48. Kg3 1-0

[Event "Titled Tue 1st Jul Early"]
[Site "chess.com INT"]
[Date "2025.07.01"]
[Round "7"]
[White "Le, Tuan Minh"]
[Black "Wong, Yinn Long"]
[Result "1/2-1/2"]
[WhiteTitle "GM"]
[BlackTitle "FM"]
[WhiteElo "2598"]
[BlackElo "2300"]
[WhiteFideId "12401153"]
[BlackFideId "5707684"]
[EventDate "2025.07.01"]

1. d4 Nf6 2. Nf3 e6 3. Bf4 d5 4. e3 Bd6 5. Nbd2 Bxf4 6. exf4 O-O 7. Bd3 b6 8.
Qe2 a5 9. O-O c5 10. c3 Ba6 11. Bxa6 Nxa6 12. Rfe1 Qd6 13. g3 a4 14. a3 Nb8 15.
Rad1 Nc6 16. Nf1 Rfd8 17. Ne3 b5 18. f5 exf5 19. dxc5 Qxc5 20. Nxf5 Qc4 21. Qc2
Qg4 22. Kg2 Nh5 23. N3d4 Nf4+ 24. Kg1 Nh3+ 25. Kf1 Nxd4 26. Nxd4 Ng5 27. Qf5
Qxf5 28. Nxf5 g6 29. Nd4 Rd7 30. Re5 f6 31. Re3 Rb8 32. Kg2 Kf7 33. f3 h5 34.
Rde1 Nh7 35. Nc6 Rc8 36. Re7+ Rxe7 37. Rxe7+ Kf8 38. Re6 Kf7 39. Rd6 Nf8 40. Nd4
Rc5 41. Kf2 Ke7 42. Rb6 Nd7 43. Rxb5 Rxb5 44. Nxb5 Ne5 45. Ke3 Kd7 46. f4 Nc4+
47. Kd4 Kc6 48. Na7+ Kd6 49. Nc8+ Kd7 50. Na7 Kd6 51. Nb5+ Kc6 52. Na7+ Kd6 1/2-1/2

[Event "Titled Tue 1st Jul Early"]
[Site "chess.com INT"]
[Date "2025.07.01"]
[Round "7"]
[White "Fandi, Mazen"]
[Black "Joseph Benher, Savio"]
[Result "0-1"]
[WhiteTitle "FM"]
[WhiteElo "2302"]
[BlackElo "2143"]
[WhiteFideId "7611625"]
[BlackFideId "2629453"]
[EventDate "2025.07.01"]

1. e4 e6 2. d4 d5 3. Nc3 Nf6 4. e5 Nfd7 5. f4 c5 6. Nf3 Nc6 7. Be3 a6 8. Qd2 b5
9. Be2 b4 10. Nd1 Qb6 11. Nf2 a5 12. O-O Ba6 13. Bxa6 Qxa6 14. Rad1 cxd4 15.
Nxd4 Nxd4 16. Bxd4 Bc5 17. Bxc5 Nxc5 18. f5 exf5 19. Qxd5 Rc8 20. Ng4 O-O 21.
Rxf5 Ne6 22. Qe4 Rc4 23. Qe2 Qb6+ 24. Kh1 Rfc8 25. Qf1 Rxg4 26. Rxf7 Rd8 27.
Rdd7 Rxd7 28. Rxd7 Rf4 29. Qd3 Qf2 30. h3 Qe1+ 31. Kh2 Qxe5 32. Rd5 Qb8 33. Qg3
Rf8 34. Qxb8 Rxb8 35. Rxa5 Nd4 36. Rc5 Kf7 37. Rc4 Ne6 38. b3 Kf6 39. c3 bxc3
40. Rxc3 Ra8 41. a4 Ke5 42. Re3+ Kd6 43. Rc3 Ra7 44. Rc4 Nc5 45. Rb4 Kc6 46. Rc4
Kd5 47. Rb4 Nd3 48. Rb5+ Kd4 49. Kg3 Kc3 50. a5 Nc1 51. b4 Na2 52. Kg4 Nxb4 53.
Kg5 Kc4 54. Rf5 Nc6 0-1

[Event "Titled Tue 1st Jul Early"]
[Site "chess.com INT"]
[Date "2025.07.01"]
[Round "7"]
[White "Milanovic, Vojislav"]
[Black "Souleidis, Georgios"]
[Result "0-1"]
[WhiteTitle "IM"]
[BlackTitle "IM"]
[WhiteElo "2293"]
[BlackElo "2418"]
[WhiteFideId "905046"]
[BlackFideId "4206827"]
[EventDate "2025.07.01"]

1. e4 c5 2. Nf3 e6 3. d3 Nc6 4. g3 d5 5. Nbd2 Nf6 6. Bg2 Be7 7. O-O O-O 8. e5
Nd7 9. Re1 b5 10. Nf1 a5 11. h4 b4 12. N1h2 a4 13. a3 bxa3 14. bxa3 Rb8 15. h5
Nd4 16. h6 g6 17. Ng4 Nxf3+ 18. Qxf3 d4 19. Bf4 Bb7 20. Qe2 Bxg2 21. Kxg2 Nb6
22. Nf6+ Bxf6 23. exf6 Rb7 24. Qf3 Nd5 25. Be5 Rb2 26. Reb1 Qb6 27. Rc1 Rd8 28.
Qe4 Nc3 29. Qf3 Qb7 30. Bf4 Rd7 31. Bd2 Qxf3+ 32. Kxf3 Nd5 33. Rab1 Rdb7 34.
Rxb2 Rxb2 35. c4 Nxf6 36. Bf4 Nd7 37. Bd6 Rb6 38. Be7 f6 39. Bd8 Rb3 40. Be7 Kf7
41. Bd6 Rxd3+ 42. Ke2 Rxa3 43. Rb1 Rb3 44. Ra1 a3 45. Kd2 e5 46. Bc7 g5 47. g4
e4 48. Re1 e3+ 49. fxe3 Rxe3 50. Rb1 a2 51. Ra1 Ra3 52. Kc2 Ra7 53. Bg3 Ne5 54.
Kb3 Rb7+ 55. Kc2 Ra7 56. Kb3 Nxg4 57. Rxa2 Rxa2 58. Kxa2 Ke6 59. Kb3 Nxh6 60.
Ka4 Nf5 61. Ka3 Nxg3 62. Ka4 Ne4 63. Kb5 Kd6 0-1

[Event "Titled Tue 1st Jul Early"]
[Site "chess.com INT"]
[Date "2025.07.01"]
[Round "7"]
[White "Allahverdiyeva, Ayan"]
[Black "Jaiveer, Mahendru"]
[Result "1-0"]
[WhiteTitle "WIM"]
[BlackTitle "FM"]
[WhiteElo "2234"]
[BlackElo "2217"]
[WhiteFideId "13412590"]
[BlackFideId "25611151"]
[EventDate "2025.07.01"]

1. e4 e6 2. d3 d5 3. Nd2 c5 4. Ngf3 Nc6 5. g3 Bd6 6. Bg2 Nge7 7. O-O O-O 8. Re1
f5 9. exd5 exd5 10. Nf1 d4 11. N1d2 f4 12. Nc4 fxg3 13. hxg3 Bc7 14. Bg5 Bg4 15.
Qe2 Qd7 16. Bxe7 Rae8 17. Nce5 Qxe7 18. Qe4 Bxf3 19. Nxf3 Qxe4 20. dxe4 Rf6 21.
Rad1 Ref8 22. Ng5 Rxf2 23. Ne6 Rxc2 24. Nxf8 Kxf8 25. Rf1+ Ke7 26. Rf2 Nb4 27.
Rxc2 Nxc2 28. Kf2 Ne3 29. Rh1 h6 30. Bf3 c4 31. Rc1 Bb6 32. b3 c3 33. Be2 Ke6
34. Bd3 Ke5 35. Ke2 Bd8 36. Rh1 Bf6 37. Rh5+ Bg5 38. Rh1 Ng4 39. Rf1 Ne3 40. Rf8
c2 41. Rc8 Kd6 42. Bxc2 Kd7 43. Rc5 Ng4 44. Bd3 Ke6 45. Rd5 1-0

[Event "Titled Tue 1st Jul Early"]
[Site "chess.com INT"]
[Date "2025.07.01"]
[Round "7"]
[White "Omariev, Maksim"]
[Black "Alikulov, Elbek"]
[Result "0-1"]
[WhiteTitle "FM"]
[BlackTitle "IM"]
[WhiteElo "2304"]
[BlackElo "2305"]
[WhiteFideId "4193423"]
[BlackFideId "14203308"]
[EventDate "2025.07.01"]

1. g4 d6 2. Bg2 c6 3. h3 g6 4. d4 Bg7 5. c3 Nf6 6. e4 Nbd7 7. Be3 e5 8. Ne2 O-O
9. Nd2 Qe7 10. Qc2 d5 11. dxe5 Nxe5 12. f4 Nexg4 13. hxg4 Nxg4 14. Bg1 dxe4 15.
Nxe4 Rd8 16. Rd1 Bf5 17. N2g3 Bxe4 18. Qxe4 Qc7 19. Rxd8+ Rxd8 20. Bf2 Nxf2 21.
Kxf2 Qb6+ 22. Kf3 Qxb2 23. Re1 Qxc3+ 24. Re3 Qd2 25. Re2 Qc3+ 26. Kg4 f5+ 27.
Nxf5 gxf5+ 28. Qxf5 Qf6 29. Qh5 Qg6+ 30. Qxg6 hxg6 31. Be4 Kf7 32. Re3 Bf6 33.
Rb3 Rd7 34. Ra3 a6 35. Rb3 Rc7 36. a4 b5 37. axb5 axb5 38. Rb4 c5 39. Rxb5 c4
40. Bc2 c3 41. Kf3 Rd7 42. Be4 Rc7 43. Bc2 Ra7 44. Ke3 Re7+ 45. Kd3 Rd7+ 46. Ke3
Rd2 47. Be4 Rh2 48. Rb7+ Kf8 49. Bxg6 c2 50. Rf7+ Kg8 0-1

[Event "Titled Tue 1st Jul Early"]
[Site "chess.com INT"]
[Date "2025.07.01"]
[Round "7"]
[White "Donoso Aguirre, Maximiliano"]
[Black "Bulatova, Kamaliya"]
[Result "1-0"]
[WhiteTitle "CM"]
[BlackTitle "WFM"]
[WhiteElo "2050"]
[BlackElo "2091"]
[WhiteFideId "3458920"]
[BlackFideId "34111546"]
[EventDate "2025.07.01"]

1. e4 c5 2. c3 d5 3. exd5 Qxd5 4. d4 Nc6 5. Nf3 Bf5 6. Be2 cxd4 7. Nxd4 Nxd4 8.
Qxd4 Qxd4 9. cxd4 a6 10. Nc3 e6 11. Bf3 O-O-O 12. d5 Bb4 13. dxe6 Bxe6 14. Bd2
Nf6 15. a3 Ba5 16. O-O-O Kb8 17. b4 Bc7 18. Be3 Be5 19. Rxd8+ Rxd8 20. Na4 Rc8+
21. Bc5 Nd7 22. Kd2 Bb3 23. Nb6 Nxb6 24. Bxb6 Rc2+ 25. Kd3 Rc3+ 26. Ke4 f6 27.
Be3 Bc2+ 28. Kd5 Rxa3 29. Ke6 Rb3 30. Rc1 Rb2 31. Kf7 b5 32. Kxg7 f5+ 33. Kf7 f4
34. Bc5 Bb3+ 35. Ke7 Bc4 36. Re1 Bc3 37. Rd1 Kc8 38. Rd8+ Kc7 39. Bd6+ Kb6 40.
Rb8+ Ka7 41. Ra8+ Kb6 42. Bc5+ Kc7 43. Ra7+ Kb8 44. Rb7+ Kc8 45. Kd6 Bd5 46.
Bxd5 Rd2 47. Rc7+ Kd8 48. Rd7+ Ke8 49. Kc6 Rxd5 50. Rxd5 1-0

[Event "Titled Tue 1st Jul Early"]
[Site "chess.com INT"]
[Date "2025.07.01"]
[Round "7"]
[White "Nicot, Valentin"]
[Black "Ramiro Ovejero, Juan Luis"]
[Result "1-0"]
[WhiteTitle "CM"]
[BlackTitle "IM"]
[WhiteElo "2157"]
[BlackElo "2334"]
[WhiteFideId "651002477"]
[BlackFideId "2210436"]
[EventDate "2025.07.01"]

1. d4 d5 2. Nf3 Nf6 3. c4 e6 4. g3 Nc6 5. Bg2 h6 6. O-O Bd6 7. Nc3 O-O 8. Qc2
Re8 9. a3 dxc4 10. e4 e5 11. d5 Na5 12. Be3 a6 13. Rad1 b5 14. h3 Nb3 15. Nd2
Nd4 16. Qb1 Qe7 17. f4 Nh5 18. g4 Ng3 19. Rfe1 Bc5 20. Kh2 Qh4 21. Bxd4 Bxd4 22.
Nf3 Qf6 23. f5 Bf2 24. Qc2 Bxe1 25. Rxe1 g5 26. Kxg3 h5 27. Qd2 hxg4 28. hxg4
Kg7 29. Qxg5+ Qxg5 30. Nxg5 f6 31. Ne6+ Bxe6 32. fxe6 Rab8 33. Nd1 b4 34. axb4
Rxb4 35. Ne3 Rxb2 36. Nf5+ Kg6 37. Rc1 Rb3+ 38. Bf3 c3 39. Rc2 Reb8 40. g5 fxg5
41. e7 Kf7 42. Bh5+ Kf6 43. e8=Q Rxe8 44. Bxe8 a5 45. Kf3 g4+ 46. Kxg4 Rb4 47.
Kf3 Rb3 48. Ke3 Kg5 49. Kd3 Kf4 50. Bc6 Ra3 51. Rxc3 Ra1 52. Rc2 Rd1+ 53. Kc4
Kxe4 54. d6+ Kxf5 55. dxc7 Rd4+ 56. Kc5 Rd2 57. c8=Q+ 1-0